000 00655cam a2200217 a 4500
020 _a1580051855
020 _a9781580051859
020 _a9781580051859
040 _cDLC
082 0 0 _a363 SEA 2006 A069 Or.
245 0 0 _aAbortion under attack :
_bwomen on the challenges facing choice /
260 _aEmeryville, CA :
_bSeal Press,
_cc2006.
300 _a264 p. ;
_c21 cm.
650 0 _aAbortion
650 0 _aAbortion
650 0 _aPro-choice movement
700 1 _aJacob, Krista.
856 4 1 _uhttp://www.loc.gov/catdir/toc/ecip0617/2006021113.html
856 4 2 _uhttp://www.loc.gov/catdir/enhancements/fy0712/2006021113-d.html
942 _cEK
999 _c14616
_d14616